• 首页
  • 本馆介绍
  • 公告通知
  • 最新文献
  • 馆藏检索
  • 电子资源
  • 读者导购
  • 参考咨询
  • 我的图书馆
  • 登录
  • 详细信息显示
  • 放入我的书架
  • 预约/预借图书
  • 作者相关作品
  • 分类相关作品
  • 丛书相关作品
  • 出版社相关作品

书目信息

  • 表格格式
  • 工作单格式
  • 卡片格式
题名:
突破儿童阅读困难
    
 
作者: 朱冬梅 , 孔晓东 , 骆艳 编著
分册:  
出版信息: 武汉   华中科技大学出版社  2018.1
页数: 169页
开本: 24cm
丛书名:
单 册:
中图分类: G623.232
科图分类:
主题词: 阅读课--教学研究--小学
电子资源:
ISBN: 978-7-5680-3546-0
000 01253nam0 2200313 45
001 012001000861
005 20140820095259.0
010    @a978-7-5680-3546-0@dCNY35.00
099    @aCAL 012018109455
100    @a20180725d2018 em y0chiy0110 ea
101 0  @achi
102    @aCN@b420000
105    @aak a 000yy
106    @ar
200 1  @a突破儿童阅读困难@Atu po er tong yue du kun nan@e工作记忆训练在阅读困难干预中的作用@f编著朱冬梅, 孔晓东, 骆艳
210    @a武汉@c华中科技大学出版社@d2018.1
215    @a169页@c图@d24cm
300    @a教育部人文社会科学研究·青年基金 (项目号: 12YJC190042) 工作记忆训练对阅读障碍儿童言语加工影响的脑机制研究资助
300    @a其他题名:工作记忆训练在阅读困难干预中的作用
320    @a有书目 (第161-169页)
330    @a本书内容分三篇, 共九章, 包括阅读能力概述、阅读障碍的含义与特征、阅读障碍的缺陷理论、儿童阅读障碍的工作记忆机制、阅读障碍的预防与干预、汉语阅读障碍工作记忆的研究及干预实例研究等。
517 1  @a工作记忆训练在阅读困难干预中的作用
606 0  @a阅读课@x教学研究@x小学
690    @aG623.232@v5
701  0 @a朱冬梅@Azhu dong mei@4编著
701  0 @a孔晓东@Akong xiao dong@4编著
701  0 @a骆艳@Aluo yan@4编著
801    @aCN@bAHXH@c20210922
905    @b1247396-400@dG623.232@e1362@f5
    
    突破儿童阅读困难:工作记忆训练在阅读困难干预中的作用/编著朱冬梅, 孔晓东, 骆艳.-武汉:华中科技大学出版社,2018.1
    169页:图;24cm
    教育部人文社会科学研究·青年基金 (项目号: 12YJC190042) 工作记忆训练对阅读障碍儿童言语加工影响的脑机制研究资助.-其他题名:工作记忆训练在阅读困难干预中的作用
    
    ISBN 978-7-5680-3546-0:CNY35.00
    本书内容分三篇, 共九章, 包括阅读能力概述、阅读障碍的含义与特征、阅读障碍的缺陷理论、儿童阅读障碍的工作记忆机制、阅读障碍的预防与干预、汉语阅读障碍工作记忆的研究及干预实例研究等。
●
相关链接 在E读中查询图书 在五车中查询图书 在当当中查询图书 在豆瓣中查询图书


正题名:突破儿童阅读困难     索取号:G623.232/1362         预约/预借

序号 登录号 条形码 馆藏地/架位号 状态 备注
1 1247396   212473964   第一样本阅览室/ [索取号:G623.232/1362] 在馆    
2 1247397   212473973   教育系资料室/ [索取号:G623.232/1362] 在馆    
3 1247398   212473982   教育系资料室/ [索取号:G623.232/1362] 在馆    
4 1247399   212473991   第四借阅区/ [索取号:G623.232/1362] 在馆    
5 1247400   212474008   第四借阅区/ [索取号:G623.232/1362] 在馆    
唐山师范学院图书馆 欢迎您!
大连网信软件有限公司© 版权所有